|
|
|
|
| LEADER |
01010nam a2200265 4500 |
| 001 |
00023876 |
| 008 |
110626s2003 bg w 000 0 mul d |
| 040 |
|
|
|a BD-DhAAL
|c BD-DhAAL
|
| 041 |
|
|
|a Eng
|a Ben
|
| 082 |
0 |
0 |
|a 348.5492/046
|2 21
|
| 245 |
0 |
4 |
|a The Bangladesh Law Times :
|b a monthly law journal.
|n volume no. 11 /
|c editor Samarendra Nath Goswami
|
| 246 |
1 |
|
|i Cited as:
|a BLT
|
| 260 |
|
|
|a Dhaka :
|b Samarendra Nath Goswami,
|c 2003-
|
| 300 |
|
|
|a Various pagings ;
|c 25 cm.
|
| 310 |
|
|
|a Monthly
|
| 362 |
0 |
|
|a Vol.XI
|
| 500 |
|
|
|a Citation: 11 BLT (AD) : 11 BLT (HCD)
|
| 500 |
|
|
|a Cumulated in an annual bound volume.
|
| 541 |
|
|
|e 00023876
|
| 650 |
|
0 |
|a Law reports, digests, etc.
|z Bangladesh.
|
| 700 |
1 |
|
|a Goswami,Samarendra Nath
|
| 710 |
1 |
|
|a Bangladesh Law Times.
|
| 852 |
4 |
|
|a Ayesha Abed Library
|j General shelf
|
| 999 |
|
|
|c 11516
|d 11516
|
| 952 |
|
|
|0 0
|1 0
|4 0
|6 348_549204600000000_BAN
|7 0
|9 18722
|a BRACUL
|b BRACUL
|c REF
|d 2011-11-29
|l 3
|o 348.5492046 BAN
|p 3010023876
|r 2016-03-23
|s 2016-03-23
|t 1
|w 2011-11-29
|y RSV
|x Available
|